000 00488nam a2200181Ia 4500
001 22855
005 20260414150858.0
008 260414t2023||||xx |||||||||||||| ||spa||
041 _aESP
082 _a624.15136
_bC21
100 _aCalderón Colca, Yaneth Verónica,
_eAUT
245 0 _aGuía práctica de laboratorio mecánica de suelos I :
_bínea de geotecnia
260 _c2023
300 _a99 páginas :
_c29 cm.
650 _a0
654 _aCIC
942 _cLIB
_dJUS
_fJUS
_2ddc
_n
999 _c22855
_d22855